02126nam a2200253 a 4500001001000000003000900010005001700019007000300036008004100039020001800080040003000098041000800128082002400136100003500160245004300195264004400238300004600282336002700328337003300355338002800388505140600416650002401822650002601846000039188DO-SdBNP20250117084036.0ta250117s2024 pr 000 j spa d a9789945188639 aDO-SdBNPbspacBNPHUerda hspa aRD861.44bM938e222 aMoya, Pastor de,d1965-eautor10aLa escritura del ojo /cPastor de Moya aSanto Domingo :bAmigo del Hogar,c2024 a207 páginas : bIlustraciones ;c24 cm. ardacontentbtexto2txt ardamediabsin mediación2n ardacarrierbvolumen2nc aEntrada de deditos hervidos en sangre de cayena 12 -- El escapulario de Pastor y el egoísmo de poseerlo 16 -- El pez cero 18 -- Ver y sentir a Pastor De Moya comiéndose las manos 22 -- Obscena presencia de Marx 32 -- Una muestra del infierno 36 -- Perros [o la virtud del pez masturbador] 42 -- La silla 46 -- El velorio y entierro del puerco [pantalla del recuerdo / 3. dimensión] 52 -- La musaraña [Investigación científica- especulativa sobre la baba] 56 -- Poética de la locura: los "trances dilatados" de Pastor De Moya 70 -- Las preferencias engendran tiernos monstruos 90 -- Pastor De Moya: "musa, tátara musa..." 94 -- Trance dilatado del Buffet para caníbales 100 -- Trance dilatado 110 -- Mientras el bufé se prepara 114 -- El jardín de los enanos 118 -- La etérea sangre de las plumas 122 -- Respiración y velocidad en la obra de arte 128 -- La caja libro 132 -- De libros y funerales [crónica rosa de las fiestas tristes] 138 -- Gestualidad y trasgresión 142 -- Los diez mandamientos del artista en trance 148 -- Malaventuranzas según Pastor 152 -- Se huye del amor al sueño 158 -- Pastor De Moya ¡Disrupción & Provocación! 164 -- Epílogo: Pastor De Moya: El yo serpentino y la escritura del círculo 170 -- Pastor De Moya: biografía selecta 192 -- De los críticos 200 -- De los textos 202 -- Otros estudios sobre la obra de Pastor De Moya 204 4aPoesía dominicana 4aLiteratura dominicana